• 首页
  • 本馆介绍
  • 公告通知
  • 最新文献
  • 馆藏检索
  • 电子资源
  • 读者导购
  • 参考咨询
  • 我的图书馆
  • 登录
  • 详细信息显示
  • 放入我的书架
  • 预约/预借图书
  • 作者相关作品
  • 分类相关作品
  • 丛书相关作品
  • 出版社相关作品

书目信息

  • 表格格式
  • 工作单格式
  • 卡片格式
题名:
中国货币政策的形成与发展
    
 
作者: 钱小安
分册:  
出版信息: 上海   上海人民出版社  2000
页数: 249
开本: 20cm
丛书名: 当代经济学系列丛书
单 册:
中图分类: F822.0
科图分类:
主题词: 货币
电子资源:
ISBN: 7-208-03268-8
000 00609nam0 2200205 450
001 0760515518
005 20070817164835.51
010    @a7-208-03268-8@d¥20.00
100    @a20070817d km y0chiy0120 ea
101 0  @achi
200 1  @a中国货币政策的形成与发展@Azhong guo huo bi zheng ce de xing cheng yu fa zhan@f钱小安@Fqian xiao an
210    @a上海@c上海人民出版社@d2000
215    @a249@d20cm
225 2  @a当代经济学系列丛书
410  0 @12001 @a当代经济学系列丛书
606 0  @a货币
690    @aF822.0@v3
701  0 @a钱小安@Aqian xiao an
801  0 @aCN@bPFT@c20070817
905    @a213230@dF822.0@eg15@f1
    
    中国货币政策的形成与发展/钱小安.-上海:上海人民出版社,2000
    249;20cm.-(当代经济学系列丛书)
    
    
    ISBN 7-208-03268-8:¥20.00
    
●
相关链接 在E读中查询图书 在五车中查询图书 在当当中查询图书 在豆瓣中查询图书


正题名:中国货币政策的形成与发展     索取号:F822.0/g15         预约/预借

序号 登录号 条形码 馆藏地/架位号 状态 备注
1 6502430   265024305   密集书库-海洋学院/ [索取号:F822.0/g15] 在馆    
唐山师范学院图书馆 欢迎您!
大连网信软件有限公司© 版权所有